000 01189cam a2200301 a 4500
005 20260322212055.0
008 data
010 _a 99013615
020 _a0439050138
020 _a9780439050135
040 _aDLC
_cDLC
_dDLC
042 _alcac
043 _ae-fr---
050 0 0 _aPZ7.M992
_bJp 1999
082 0 0 _a[Fic]
_221
100 1 _aMyers, Walter Dean,
_d1937-
245 1 4 _aThe journal of Scott Pendleton Collins :
_ba World War II soldier /
_cWalter Dean Myers.
250 _a1st ed.
260 _aNew York :
_bScholastic,
_c1999.
300 _a140 p. :
_bill. ;
_c20 cm.
440 0 _aMy name is America
500 _a"Scott Pendleton Collins is a fictional character, created by the author, and his journal is a work of fiction"--Copyright page.
520 _aA seventeen-year-old soldier from central Virginia records his experiences in a journal as his regiment takes part in the D-Day invasion of Normandy and subsequent battles to liberate France.
650 0 _aWorld War, 1939-1945
_xJuvenile fiction.
_zNormandy
_zNormandy
_xJuvenile fiction.
650 1 _aWorld War, 1939-1945
_xFiction.
_zNormandy
_zNormandy
_xFiction.
650 1 _aDiaries
_xFiction.
001 data
999 _c1315
_d1315